<?xml version="1.0" encoding="UTF-8"?>
<marc:record xmlns:marc="http://www.loc.gov/MARC21/slim">
   <marc:leader>00000nam a2200000 a 4500</marc:leader>
   <marc:datafield ind1="1" ind2=" " tag="100">
      <marc:subfield code="a">Wagner, Christoph</marc:subfield>
      <marc:subfield code="4">aut</marc:subfield>
      <marc:subfield code="e">Verfasser/-in</marc:subfield>
   </marc:datafield>
   <marc:datafield ind1=" " ind2=" " tag="653">
      <marc:subfield code="a">Krimi</marc:subfield>
   </marc:datafield>
   <marc:datafield ind1="0" ind2="0" tag="245">
      <marc:subfield code="a">Schattenbach</marc:subfield>
   </marc:datafield>
   <marc:datafield ind1="0" ind2="0" tag="245">
      <marc:subfield code="b">ein Carozzi-Krimi</marc:subfield>
   </marc:datafield>
   <marc:datafield ind1="0" ind2="0" tag="245">
      <marc:subfield code="c">Wagner, Christoph</marc:subfield>
   </marc:datafield>
   <marc:datafield ind1=" " ind2="1" tag="264">
      <marc:subfield code="a">Innsbruck</marc:subfield>
      <marc:subfield code="b">Haymon</marc:subfield>
      <marc:subfield code="c">2009</marc:subfield>
   </marc:datafield>
   <marc:datafield ind1="1" ind2=" " tag="520">
      <marc:subfield code="a">Gourmetkrimi mit Hang zum Makabren - nun in einer Taschenbuchausgabe. (DR)      Mario Carozzi hat es ins idyllische Schattenbach verschlagen, wo der Archäologe und Ethnologe das Heimatmuseum mit der berühmten sechsfingrigen Madonna betreut. Doch kaum hat Carozzi neuen Schwung ins Museum gebracht, da wird die Madonna gestohlen und die hilfreiche Asylantin Etelka, zuerst noch des Diebstahls verdächtigt, ist ebenfalls verschwunden. Schattenbach zeigt seine dunklen Seiten.  Der bekannte Gourmetkritiker Christoph Wagner hat sich an einem Krimi versucht. Pointenreich und detailverliebt präsentiert er diesen als Abenteuer des Kindes im Mann, wobei ausführliche kulinarische Schilderungen natürlich nicht fehlen. Gelungene Mischung!  *bn* Bettina Huber</marc:subfield>
   </marc:datafield>
   <marc:datafield ind1=" " ind2=" " tag="020">
      <marc:subfield code="a">9783852188096</marc:subfield>
      <marc:subfield code="9">9783852188096</marc:subfield>
   </marc:datafield>
   <marc:datafield ind1=" " ind2=" " tag="020">
      <marc:subfield code="a">3852188091</marc:subfield>
      <marc:subfield code="9">3852188091</marc:subfield>
   </marc:datafield>
   <marc:datafield ind1=" " ind2=" " tag="041">
      <marc:subfield code="a">ger</marc:subfield>
   </marc:datafield>
   <marc:datafield ind1=" " ind2=" " tag="338">
      <marc:subfield code="a">Band</marc:subfield>
   </marc:datafield>
   <marc:datafield ind1=" " ind2=" " tag="300">
      <marc:subfield code="a">328 S.</marc:subfield>
   </marc:datafield>
</marc:record>
